000 00388nam a22001337a 4500
082 _a891.9397
_bIQR
_cL-NUST, p-46
100 _aIqrar hussain sheikh
_99588
245 _aبے قراریاں
_cIqrar hussain sheikh
260 _alahore.
_bDanyal publishers
_cc1998.
300 _a176 p.
_bill.
_c20 cm.
526 _a0
_b0
_c0
_d891_939700000000000_IQR
650 _aMCE
_9379
942 _2ddc
_cBK
999 _c550331
_d550331